• 首页
  • 本馆介绍
  • 公告通知
  • 最新文献
  • 馆藏检索
  • 电子资源
  • 读者导购
  • 参考咨询
  • 我的图书馆
  • 登录
  • 详细信息显示
  • 放入我的书架
  • 预约/预借图书
  • 作者相关作品
  • 分类相关作品
  • 丛书相关作品
  • 出版社相关作品

书目信息

  • 表格格式
  • 工作单格式
  • 卡片格式
题名:
平菇类珍稀菌高效栽培
    
 
作者: 牛贞福 , 赵淑芳 主编
分册:  
出版信息: 北京   机械工业出版社  2019
页数: 238页
开本: 21cm
丛书名: 高效种植致富直通车
单 册:
中图分类: S646.1
科图分类:
主题词: 平菇--ping gu--蔬菜园艺
电子资源:
ISBN: 978-7-111-53001-5
000 01100nam 2200301 45
001 012001003596
005 20140102143326.0
010    @a978-7-111-53001-5@dCNY29.80
092    @aCN@b人天725-3210
099    @aCAL 012016079187
100    @a20160629d2016 em y0chiy50 ea
101 0  @achi
102    @aCN@b110000
105    @aaf a 000yy
106    @ar
200 1  @a平菇类珍稀菌高效栽培@Aping gu lei zhen xi jun gao xiao zai pei@f牛贞福, 赵淑芳主编
210    @a北京@c机械工业出版社@d2019
215    @a238页@c图@d21cm
225 2  @a高效种植致富直通车@Agao xiao zhong zhi zhi fu zhi tong che@v29
320    @a有书目 (第237-238页)
330    @a本书总结归纳了平菇类珍稀食用菌的种类和高效栽培技术, 较为全面地对平菇类珍稀食用菌的基础知识、菌种制作、高效栽培、病虫害的诊断与防治进行了介绍, 并对有关品种的工厂化生产予以介绍。
410  0 @12001 @a高效种植致富直通车@v29
606 0  @a平菇@Aping gu@x蔬菜园艺
690    @aS646.1@v5
701  0 @a牛贞福@Aniu zhen fu@4主编
701  0 @a赵淑芳@Azhao shu fang@4主编
801  0 @aCN@b北京卓展@c20191020
905    @b1212231-4@dS646.1@e586@f4
    
    平菇类珍稀菌高效栽培/牛贞福, 赵淑芳主编.-北京:机械工业出版社,2019
    238页:图;21cm.-(高效种植致富直通车;29)
    
    
    ISBN 978-7-111-53001-5:CNY29.80
    本书总结归纳了平菇类珍稀食用菌的种类和高效栽培技术, 较为全面地对平菇类珍稀食用菌的基础知识、菌种制作、高效栽培、病虫害的诊断与防治进行了介绍, 并对有关品种的工厂化生产予以介绍。
●
相关链接 在E读中查询图书 在五车中查询图书 在当当中查询图书 在豆瓣中查询图书


正题名:平菇类珍稀菌高效栽培     索取号:S646.1/586         预约/预借

序号 登录号 条形码 馆藏地/架位号 状态 备注
1 1212231   212122317   第二样本阅览室/ [索取号:S646.1/586] 在馆    
2 1212232   212122326   第三借阅区/ [索取号:S646.1/586] 在馆    
3 1212233   212122335   第三借阅区/ [索取号:S646.1/586] 在馆    
4 1212234   212122344   第三借阅区/ [索取号:S646.1/586] 在馆    
唐山师范学院图书馆 欢迎您!
大连网信软件有限公司© 版权所有